000 00341nam a2200133Ia 4500
008 240624s9999 xx 000 0 und d
041 _aeng
082 _a659.1 BAR
100 _aBATRA RAJEEV
245 _aADVERTISING MANAGEMENT
250 _a(5th ed.)
260 _c2004
_aNew Delhi
_bPearson Education
300 _axiii, : 754 : p. : cm. ; 24
999 _c4909
_d4909